| 000 | 00362nam a2200145Ia 4500 | ||
|---|---|---|---|
| 008 | 240624s9999 xx 000 0 und d | ||
| 041 | _aeng | ||
| 082 | _a659.1 MOR | ||
| 100 | _aWELLS WILLIAM D | ||
| 245 | _aADVERTISING AND IMC PRINCIPLES AND PRACT | ||
| 250 | _a(7th ed.) | ||
| 260 |
_c2005 _aNew Delhi _bPrentice Hall |
||
| 300 | _a624 : p. | ||
| 365 |
_c _b30 |
||
| 999 |
_c17320 _d17320 |
||